Heterocyclic chemistry at a glance (Record no. 1212748)

MARC details
000 -LEADER
fixed length control field 00836nam a2200289Ia 4500
003 - CONTROL NUMBER IDENTIFIER
control field OSt
005 - DATE AND TIME OF LATEST TRANSACTION
control field 20221007124001.0
008 - FIXED-LENGTH DATA ELEMENTS--GENERAL INFORMATION
fixed length control field 221006b |||||||| |||| 00| 0 eng d
020 ## - INTERNATIONAL STANDARD BOOK NUMBER
International Standard Book Number 1405139188 (pbk)
037 ## - SOURCE OF ACQUISITION
Terms of availability Textbook
040 ## - CATALOGING SOURCE
Original cataloging agency CDL
Transcribing agency CDL
Language of cataloging eng
041 ## - LANGUAGE CODE
Source of code eng
Language code of text/sound track or separate title eng
100 ## - MAIN ENTRY--PERSONAL NAME
Personal name Joule John A
9 (RLIN) 718264
245 #0 - TITLE STATEMENT
Title Heterocyclic chemistry at a glance
Remainder of title Mills Keith
260 ## - PUBLICATION, DISTRIBUTION, ETC.
Place of publication, distribution, etc. Malden
Name of publisher, distributor, etc. Blackwell Publishing
Date of publication, distribution, etc. 2007
300 ## - PHYSICAL DESCRIPTION
Extent vi, 150p.
Dimensions cm.
500 ## - GENERAL NOTE
General note Index 144-150p.
650 ## - SUBJECT ADDED ENTRY--TOPICAL TERM
Topical term or geographic name entry element Heterocyclic chemistry
9 (RLIN) 717996
650 ## - SUBJECT ADDED ENTRY--TOPICAL TERM
Topical term or geographic name entry element Chemistry
700 ## - ADDED ENTRY--PERSONAL NAME
Personal name Mills Keith
9 (RLIN) 718265
942 ## - ADDED ENTRY ELEMENTS (KOHA)
Classification part E8, N5;P7-;1 Carc
Koha item type Textbook
Source of classification or shelving scheme Colon Classification (CC)
Holdings
Withdrawn status Lost status Source of classification or shelving scheme Damaged status Not for loan Home library Current library Date acquired Total Checkouts Full call number Barcode Date last seen Price effective from Koha item type
    Colon Classification (CC)     Department of Chemistry Library Department of Chemistry Library 2022-10-07   E8 N5;P7-;1 Carc CD0007705 2022-10-07 2022-10-07 Textbook
Copyright @ Delhi University Library System